| 000 | 00000cas 2200000za 4500 |
| 001 | 9.507962 |
| 003 | CaOODSP |
| 005 | 20260415144047 |
| 007 | cr ||||||||||| |
| 008 | 150406c20159999oncmr p o f0 a0eng| |
| 022 | |a2368-738X |
| 040 | |aCaOODSP|beng |
| 043 | |an-cn--- |
| 086 | 1 |aHP33-2E-PDF |
| 222 | 0|aHealth promotion and chronic disease prevention in Canada |
| 245 | 00|aHealth promotion and chronic disease prevention in Canada |h[electronic resource] : |bresearch, policy and practice. |
| 260 | |aOttawa : |bPublic Health Agency of Canada, |c[2015]- |
| 310 | |aMonthly |
| 362 | 1 |aBegan with: vol. 35, no. 1 (Mar. 2015). |
| 500 | |aIssued also in French under title: Promotion de la santé et prévention des maladies chroniques au Canada. |
| 692 | 07|2gccst|aHealth promotion |
| 692 | 07|2gccst|aChronic diseases |
| 710 | 2 |aPublic Health Agency of Canada. |
| 775 | 08|tPromotion de la santé et prévention des maladies chroniques au Canada |w(CaOODSP)9.504340 |
| 780 | 00|tChronic diseases and injuries in Canada |w(CaOODSP)9.506344 |